| 000 | 00000nas 2200000za 4500 |
| 001 | 9.819651 |
| 003 | CaOODSP |
| 005 | 20221107143021 |
| 007 | cr ||||||||||| |
| 008 | 160616d19811986oncar p oss f000#a0eng|d |
| 022 | |y0820-9022 |
| 040 | |aCaOODSP|beng |
| 041 | |aeng|afre |
| 043 | |an-cn--- |
| 086 | 1 |aCS61-231-PDF |
| 086 | 1 |aCS61-521-PDF |
| 245 | 00|aSmall business in Canada, a statistical profile |h[electronic resource] = |bProfil statistique de la petite entreprise au Canada. |
| 246 | 11|aProfil statistique de la petite entreprise au Canada |
| 260 | |a[Ottawa] : |bStatistics Canada = Statistique Canada, |c1981-1989. |
| 310 | |aAnnual |
| 362 | 0 |a1981-1984/1986. |
| 500 | |aDigitized edition from print [produced by Statistics Canada]. |
| 546 | |aText in English only, 1981; text in English and French, 1981/1983-1984/1986. |
| 550 | |aIssues for 1981/1983 published by Statistics Canada; 1982/1984 by Small Business Statistics; 1984/1986 by Small Business and Special Surveys Division. |
| 550 | |aAn issue for 1981 prepared by Small Business Secretariat, Dept. of Industry, Trade and Commerce. |
| 580 | |aContinues in part: Small business in Canada. |
| 692 | 07|2gccst|aSmall businesses |
| 710 | 2 |aStatistics Canada.|bSmall Business Statistics. |
| 710 | 2 |aStatistics Canada.|bSmall Business and Special Surveys Division. |
| 710 | 1 |aCanada.|bMinister of State, Small Business and Tourism. |
| 792 | |tSmall business in Canada, a statistical profile |efre|w(CaOODSP)9.819668 |